ALAIN MERCIER, Le Tombeau de la Mélancolie. Littérature et facétie sous Louis XIII. Avec une bibliographie des éditions facétieuses parues de 1610 à 1643. Paris, Champion, 2005 (Lumière classique, 63). Deux vol. 17 × 24 de 1 553 p. (notice n° 1654390)

détails MARC
000 -LEADER
fixed length control field 01140cam a2200157 4500500
005 - DATE AND TIME OF LATEST TRANSACTION
control field 20260208005927.0
041 ## - LANGUAGE CODE
Language code of text/sound track or separate title fre
042 ## - AUTHENTICATION CODE
Authentication code dc
100 10 - MAIN ENTRY--PERSONAL NAME
Personal name Mazouer, Charles
Relator term author
245 00 - TITLE STATEMENT
Title ALAIN MERCIER, Le Tombeau de la Mélancolie. Littérature et facétie sous Louis XIII. Avec une bibliographie des éditions facétieuses parues de 1610 à 1643. Paris, Champion, 2005 (Lumière classique, 63). Deux vol. 17 × 24 de 1 553 p.
260 ## - PUBLICATION, DISTRIBUTION, ETC.
Date of publication, distribution, etc. 2008.<br/>
500 ## - GENERAL NOTE
General note 32
520 ## - SUMMARY, ETC.
Summary, etc. Le 9 avril 1845 Victor Hugo écrit au représentant du roi de Suède à Paris, le comte G. C. F. Löwenhjelm en lui confiant deux exemplaires de Notre-Dame de Paris destinés au roi Oscar Ier et au secrétaire perpétuel de l’Académie suédoise, Bernhard von Beskow. Par sa date et son contenu, cette lettre se rattache à la correspondance de Hugo avec Beskow publiée dans le numéro précédent de la RHLF.
786 0# - DATA SOURCE ENTRY
Note Revue d'histoire littéraire de la France | 107 | 4 | 2008-02-01 | p. 957f-1012f | 0035-2411
856 41 - ELECTRONIC LOCATION AND ACCESS
Uniform Resource Identifier <a href="https://shs.cairn.info/revue-d-histoire-litteraire-de-la-france-2007-4-page-957f?lang=fr&redirect-ssocas=7080">https://shs.cairn.info/revue-d-histoire-litteraire-de-la-france-2007-4-page-957f?lang=fr&redirect-ssocas=7080</a>

Pas d'exemplaire disponible.

PLUDOC

PLUDOC est la plateforme unique et centralisée de gestion des bibliothèques physiques et numériques de Guinée administré par le CEDUST. Elle est la plus grande base de données de ressources documentaires pour les Étudiants, Enseignants chercheurs et Chercheurs de Guinée.

Adresse

627 919 101/664 919 101

25 boulevard du commerce
Kaloum, Conakry, Guinée

Réseaux sociaux

Powered by Netsen Group @ 2025